Architacture of flesh: (Record no. 142972)

MARC details
000 -LEADER
fixed length control field 00597nam a22001817a 4500
005 - DATE AND TIME OF LATEST TRANSACTION
control field 20170728152631.0
010 ## - LCCN (DPL NO)
LC control number ENG-119461
020 ## - INTERNATIONAL STANDARD BOOK NUMBER
International Standard Book Number 9789382749301
Terms of availability 225.00
035 ## - SYSTEM CONTROL NUMBER
System control number EN-102993
037 ## - SOURCE OF ACQUISITION
Source of stock number/acquisition DBAD/PUB
082 ## - DEWEY DECIMAL CLASSIFICATION NUMBER
Classification number 881
100 ## - MAIN ENTRY--PERSONAL NAME
Personal name Ravi Shanker,N.
245 ## - TITLE STATEMENT
Title Architacture of flesh:
Remainder of title colection of poems by RA SH /
Statement of responsibility, etc by N. Ravi Shankar
260 ## - PUBLICATION, DISTRIBUTION, ETC. (IMPRINT)
Place of publication, distribution, etc Mumbai
Name of publisher, distributor, etc Poetrywala imprint of paperwall Media & Publishing
Date of publication, distribution, etc 2015
270 ## - ADDRESS
Address D1201,Octacrest,LokhandwalaTownship,Kandivali
City Mumbai
Postal code 400101
300 ## - PHYSICAL DESCRIPTION
Extent xvi,79p.
Other physical details
Dimensions 22cm(pbk)
942 ## - ADDED ENTRY ELEMENTS (KOHA)
Source of classification or shelving scheme Dewey Decimal Classification
Item type English Books
Classification part 881
Call number suffix RAV
Holdings
Withdrawn status Lost status Not for loan Collection code Home library Current library Date acquired Source of acquisition Cost, normal purchase price Full call number Barcode Copy number Cost, replacement price Koha item type
      Non-fiction Ashok Vihar Ashok Vihar 28/07/2017 DBAD/PUB 225.00 881 RAV EN-102993 1 225.00 English Books

© Delhi Public Library
Hit Counter
free hit counter